| 000 | 00377nam a2200121 4500 | ||
|---|---|---|---|
| 245 |
_aTerritorial organisation of Soviet economy _cby N.Nekrasov ; translated from the Russian by Yuri Sviridov |
||
| 100 | _aNekrasov, N | ||
| 710 | _aSviridov, Yuri | ||
| 260 |
_aMoscow _bProgress Publishers _cc1974 |
||
| 300 | _a186p. ; 22cm.- | ||
| 490 | _aSocialism today | ||
| 082 |
_a330.947 _b NEK |
||
| 999 |
_c4428 _d4428 |
||